Composition bayern munich finale ligue des champions 2013 - Statistiques

Statistiques générales
  • Ce quiz a été pris 782 fois
  • Le résultat moyen est 9 sur 12
Statistiques - réponses
Numéro Joueur % Correct
1 Neuer
98%
7 Ribéry
94%
10 Robben
94%
21 (c) Lahm
93%
17 Boateng
90%
25 Müller
89%
27 Alaba
69%
31 Schweinsteiger
64%
9 Mandžukić
60%
4 Dante
48%
8 Martínez
42%
Entraîneur Heynckes
30%
Aucun quiz correspondant
Distribution des résultats
% des personnes avec chaque résultat
Percentile par nombre de réponses
Votre historique - résultats
Vous n’avez pas pris ce quiz